00413nam a2200145Ia 4500008004100000020002200041082001400063100003400077245005600111250000600167260002700173300001100200500003000211650002600241120629s9999 xx 000 0 und d a978-970-10-6383-5 a972 B277h aBarroy Sánchez, Héctor C. aHistoria de México / Héctor C. Barroy Sánchez a4 aMéxico : McGraw Hill a427 p. aBibliografía y glosario a1. MEXICO-HISTORIAÌ